000 00826nam a2200217Ii 4500
003 JO-AjNU
008 230605s9999||||xx |||||||||||||| ||und||
017 _a11625/2013
020 _a978-977-473-046-7
040 _aJO-AjNU
_bara
_erda
_cJO-AjNU
041 _aara
050 1 4 _aJC571.2014
100 3 _aد،م,
_eauthor
_952037
245 0 0 _aحماية حقوق الإنسان والحريات العامى فى إطار القانون والرقابة القضائية : بحوث وأوراق عمل 
264 3 1 _aالقاهرة : المنظمة العربية للتنمية الإدارية ، 2014
300 _a313ص
336 _atext
_btxt
_2rdacontent
337 _aunmediated
_bn
_2rdamedia
338 _avolume
_bnc
_2rdacarrier
650 4 _aحقوق الإنسان -- قوانين وتشريعات
_952038
999 _aA23027
_c26595
_d26595